Debrahmanising History (Record no. 16227)

MARC details
000 -LEADER
fixed length control field 00610nam a2200229 a 4500
020 ## - INTERNATIONAL STANDARD BOOK NUMBER
ISBN 8173046409
082 00 - DEWEY DECIMAL CLASSIFICATION NUMBER
Classification number 306.0899145
Author Cutter MAN
100 ## - MAIN ENTRY--AUTHOR NAME
Author name Mani, Braj Ranjan
245 ## - TITLE STATEMENT
Title Debrahmanising History
Sub title Dominance and Resistance in India Society
260 ## - PUBLICATION, DISTRIBUTION, ETC. (IMPRINT)
Place of publication New Delhi
Name of publisher Manohar Pub.
Year of publication 2005
300 ## - PHYSICAL DESCRIPTION
Number of Pages 456p
500 ## - GENERAL NOTE
General note includes index and biblioraphy
650 ## - SUBJECT ADDED ENTRY--TOPICAL TERM
Topical Term Caste-India
942 ## - ADDED ENTRY ELEMENTS (KOHA)
Koha item type Books
700 1# -
-- Mani, Braj Ranjan
Holdings
Home library Current library Date acquired Cost, normal purchase price Full call number Accession Number Koha item type
Henry Martyn Institute Library Henry Martyn Institute Library 12/12/2012 895.00 306.0899145 MAN C1 021491 Books
Henry Martyn Institute Library Henry Martyn Institute Library 05/10/2018   306.0899145 MAN C3 11-3652 Books
                   Copyright © 2026 | Henry Martyn Institute | Hyderabad | TS-500052 | INDIA | Implemented by hmi.edu.in
Hit-Count:

Powered by Koha